[Event "SYR-ch"]
[Site "Damascus"]
[Date "2016.05.05"]
[Round "6"]
[White "Bitar, Yasser"]
[Black "Azam, Zeno"]
[Result "1/2-1/2"]
[WhiteElo "2111"]
[BlackElo "2179"]
[PlyCount "58"]
[EventDate "2016.05.02"]
[EventType "swiss"]
[EventRounds "9"]
[EventCountry "SYR"]
[SourceTitle "EXT 2017"]
[Source "ChessBase"]
[SourceDate "2016.10.25"]
[SourceVersion "1"]
[SourceVersionDate "2016.10.25"]
[SourceQuality "1"]

1. d4 d5 2. Nf3 e6 3. Bf4 c5 4. e3 Qb6 5. Qc1 Nc6 6. c3 Bd7 7. Nbd2 Nf6 8. h3 Rc8 9. Be2 Be7 10. 0-0 0-0 11. Nb3 Ne4 12. Nfd2 Nxd2 13. Qxd2 c4 14. Nc1 f5 15. Bf3 a5 16. Bd1 Qa6 17. b3 Na7 18. Be2 b5 19. bxc4 bxc4 20. Rb1 Ba3 21. Nb3 Nb5 22. Na1 Nd6 23. f3 Nf7 24. Nc2 Bd6 25. Rb2 g5 26. Bxd6 Qxd6 27. Rfb1 Rb8 28. Ne1 Qc7 29. Nc2 h5 1/2-1/2

[Event "Olympiad-40"]
[Site "Istanbul"]
[Date "2012.09.09"]
[Round "11.4"]
[White "Azam, Zeno"]
[Black "Giron Chavez, David Emanuel"]
[Result "0-1"]
[WhiteElo "2187"]
[BlackElo "2025"]
[PlyCount "81"]
[EventDate "2012.08.28"]
[EventType "team-swiss"]
[EventRounds "11"]
[EventCountry "TUR"]
[SourceTitle "CBM 151"]
[Source "ChessBase"]
[SourceDate "2012.11.13"]
[SourceVersion "1"]
[SourceVersionDate "2012.11.13"]
[SourceQuality "1"]
[WhiteTeam "Syria"]
[BlackTeam "Guatemala"]
[WhiteTeamCountry "SYR"]
[BlackTeamCountry "GUA"]

1. e4 c5 2. b4 cxb4 3. Nf3 e6 4. d4 Nf6 5. Bd3 Be7 6. 0-0 b6 7. a3 Bb7 8. Qe2 d5 9. e5 Ne4 10. Nfd2 Nc6 11. Bb2 Nxd2 12. Qxd2 h5 13. f4 g6 14. Bb5 a5 15. Qe2 Qc8 16. c4 bxc3 17. Nxc3 Kf8 18. Na4 Qd8 19. Rac1 Na7 20. Rf3 Kg7 21. Bd3 Nc6 22. Rcf1 Rb8 23. f5 gxf5 24. Bxf5 exf5 25. Rxf5 Qg8 26. Qf3 Nd8 27. Nxb6 Bc6 28. e6 Rxb6 29. exf7 Qh7 30. Re1 Kf8 31. Bc3 Bd7 32. Rxe7 Qxf5 33. Re8+ Kg7 34. Qg3+ Rg6 35. Qc7 Qb1+ 36. Re1 Qf5 37. Rf1 Qe6 38. Re1 Qd6 39. Qxa5 Nxf7 40. Bb4 Qb6 41. Qxd5 0-1

[Event "Olympiad-40"]
[Site "Istanbul"]
[Date "2012.09.07"]
[Round "10.4"]
[White "Kuderinov, Kirill"]
[Black "Azam, Zeno"]
[Result "1-0"]
[WhiteElo "2484"]
[BlackElo "2187"]
[PlyCount "69"]
[EventDate "2012.08.28"]
[EventType "team-swiss"]
[EventRounds "11"]
[EventCountry "TUR"]
[SourceTitle "CBM 151"]
[Source "ChessBase"]
[SourceDate "2012.11.13"]
[SourceVersion "1"]
[SourceVersionDate "2012.11.13"]
[SourceQuality "1"]
[WhiteTeam "Kazakhstan"]
[BlackTeam "Syria"]
[WhiteTeamCountry "KAZ"]
[BlackTeamCountry "SYR"]

1. d4 d5 2. c4 e6 3. Nf3 c6 4. g3 Nf6 5. Bg2 Nbd7 6. 0-0 Bd6 7. Nc3 0-0 8. b3 Re8 9. Bb2 b6 10. Qc2 Bb7 11. e4 Nxe4 12. Nxe4 dxe4 13. Qxe4 Rb8 14. Rad1 Qe7 15. Qc2 Bb4 16. h4 h6 17. Nd2 Nf6 18. Ne4 Nxe4 19. Bxe4 f5 20. Bg2 Rbd8 21. c5 bxc5 22. a3 Ba5 23. dxc5 Bc7 24. Rxd8 Rxd8 25. Re1 f4 26. Qg6 Qf7 27. Rxe6 fxg3 28. fxg3 Bc8 29. Rxc6 Rd7 30. Qxf7+ Kxf7 31. Bf3 Bb7 32. Bh5+ Kg8 33. Re6 Rd2 34. Bg6 Rd8 35. Re7 1-0

[Event "Olympiad-40"]
[Site "Istanbul"]
[Date "2012.09.05"]
[Round "8.4"]
[White "Mikheev, Stanislav Valerievi"]
[Black "Azam, Zeno"]
[Result "1-0"]
[WhiteElo "2244"]
[BlackElo "2187"]
[PlyCount "55"]
[EventDate "2012.08.28"]
[EventType "team-swiss"]
[EventRounds "11"]
[EventCountry "TUR"]
[SourceTitle "CBM 151"]
[Source "ChessBase"]
[SourceDate "2012.11.13"]
[SourceVersion "1"]
[SourceVersionDate "2012.11.13"]
[SourceQuality "1"]
[WhiteTeam "IPCA"]
[BlackTeam "Syria"]
[BlackTeamCountry "SYR"]

1. d4 d5 2. c4 e6 3. Nf3 c6 4. Qc2 Nf6 5. g3 Nbd7 6. Bg2 Bd6 7. 0-0 0-0 8. Nbd2 Re8 9. Rd1 Qe7 10. e4 dxe4 11. Nxe4 Nxe4 12. Qxe4 e5 13. Re1 exd4 14. Qxd4 Qxe1+ 15. Nxe1 Rxe1+ 16. Bf1 Ne5 17. Kg2 Bg4 18. Qxd6 Bf3+ 19. Kg1 Bg4 20. b3 Nf3+ 21. Kg2 Rae8 22. Bb2 h6 23. Rxe1 Nxe1+ 24. Kh1 Bf3+ 25. Kg1 Be4 26. f4 Nf3+ 27. Kf2 Nxh2 28. Be2 1-0

[Event "Olympiad-40"]
[Site "Istanbul"]
[Date "2012.08.28"]
[Round "1.4"]
[White "Nevednichy, Vladislav"]
[Black "Azam, Zeno"]
[Result "1-0"]
[WhiteElo "2554"]
[BlackElo "2187"]
[PlyCount "70"]
[EventDate "2012.08.28"]
[EventType "team-swiss"]
[EventRounds "11"]
[EventCountry "TUR"]
[SourceTitle "CBM 151"]
[Source "ChessBase"]
[SourceDate "2012.11.13"]
[SourceVersion "1"]
[SourceVersionDate "2012.11.13"]
[SourceQuality "1"]
[WhiteTeam "Romania"]
[BlackTeam "Syria"]
[WhiteTeamCountry "ROU"]
[BlackTeamCountry "SYR"]

1. d4 d5 2. c4 dxc4 3. Nf3 c6 4. a4 Nf6 5. Nc3 Bf5 6. e3 e6 7. Bxc4 Bb4 8. 0-0 Nbd7 9. Nh4 Bg4 10. f3 Bh5 11. g3 a5 12. e4 Qb6 13. Be3 Ne5 14. Be2 Rd8 15. g4 Bg6 16. g5 c5 17. gxf6 cxd4 18. Bf2 gxf6 19. Bb5+ Ke7 20. Ne2 Rhg8 21. Kh1 Nxf3 22. Nxf3 Bxe4 23. Ng3 Bd5 24. Qe2 Rg4 25. Rad1 Rf4 26. Bxd4 Rxf3 27. Rxf3 Bxf3+ 28. Qxf3 Rxd4 29. Nf5+ exf5 30. Qe3+ Qe6 31. Qxd4 Qe4+ 32. Qxe4+ fxe4 33. Rd7+ Ke6 34. Rxb7 f5 35. Bd7+ Kd5 1-0